UBT Library

Computer systems architecture / (Record no. 30)

000 -LEADER
fixed length control field 00706pam a2200241 i 4500
005 - DATE AND TIME OF LATEST TRANSACTION
control field 20140211104453.0
008 - FIXED-LENGTH DATA ELEMENTS--GENERAL INFORMATION
fixed length control field 140211b xxu||||| |||| 00| 0 eng d
020 ## - INTERNATIONAL STANDARD BOOK NUMBER
International Standard Book Number 0914894153
020 ## - INTERNATIONAL STANDARD BOOK NUMBER
International Standard Book Number 0273014749
041 0# - LANGUAGE CODE
Language code of text/sound track or separate title eng
080 ## - UNIVERSAL DECIMAL CLASSIFICATION NUMBER
Universal Decimal Classification number 004.2
100 1# - Rafti
Rafti Baer, Jean-Loup
245 10 - TITLE STATEMENT
Title Computer systems architecture /
Statement of responsibility, etc Jean-Loup Baer.
260 ## -
-- London :
-- Pitman pulishing
-- 1980.
300 ## -
-- xiii, 626 f. :
-- me il. ;
-- 24 cm.
440 #0 -
-- Digital system design series
500 ## -
-- Parathënie : f. VII-IX
504 ## - BIBLIOGRAPHY, ETC. NOTE
Bibliography, etc Includes bibliographies and index : f. 612-626
650 #0 -
-- Computer architecture.
650 #0 -
-- Kompjuterat
650 #0 -
-- Arkitektura e kompjuterëve
942 ## - ADDED ENTRY ELEMENTS (KOHA)
Source of classification or shelving scheme
Item type Books
Holdings
Withdrawn status Lost status Source of classification or shelving scheme Damaged status Not for loan Collection code Permanent location Current location Shelving location Date acquired Total Checkouts Full call number Barcode Date last seen Koha item type Price effective from
          Koleksioni i përgjithshem UBT - Lipjan UBT - Lipjan Koleksioni i përgjithshem 09/06/2017   72 BAE 002-2921215 09/06/2017 Books 09/06/2017
          Koleksioni i përgjithshem UBT - Prishtine UBT - Prishtine Koleksioni i përgjithshem 10/04/2013   004.2 BAE 001-000015 09/06/2017 Books  
UBT Library © 2015-2024. All rights reserved University Education for Business and Technology